Biblioteca

Absuelto (Registro nro. 67179)

Detalles MARC
000 -LÍDER
Campo fijo de descripción fija 01674nam a2200313 i 4500
001 - NÚMERO DE CONTROL
Campo de control 768714001
003 - IDENTIFICADOR DEL NÚMERO DE CONTROL
Campo de control CO-MdFUSB
005 - FECHA Y HORA DE LA ULTIMA TRANSACCIÓN
control field 20240604145133.0
007 - CAMPO FIJO DE DESCRIPCIÓN FIJA--INFORMACIÓN GENERAL
Campo fijo de descripción fija ta
008 - ELEMENTOS DE LONGITUD FIJA -- INFORMACIÓN GENERAL
Campo fijo de descripción fija -- Información general 220214txx enk |||| |||| 00| 0 spa d
020 ## - NÚMERO INTERNACIONAL NORMALIZADO PARA LIBROS
Número Internacional Normalizado del libro [No incluye ISBN]
040 ## - FUENTE DE CATALOGACIÓN
Agencia de catalogación original CO-MdFUSB
Idioma de catalogación spa
Agencia que realiza la transcripción CO-MdFUSB
Agencia que realiza la modificación CO-MdFUSBC
Convenciones de la descripción rda
041 ## - CÓDIGO DE IDIOMA
Código de idioma para texto/pista de sonido o título separado spa
082 ## - NÚMERO DE CLASIFICACIÓN DECIMAL DEWEY
Número de la edición del Dewey 23
Número de clasificación 234
Clave de autor-Numero de item AP648
100 ## - ASIENTO PRINCIPAL--NOMBRE PERSONAL
Nombre personal Appleby, H. J. ‎
Término relacionador autor
245 ## - TÍTULO
Título del Material Absuelto
Mención de responsabilidad, etc. / H. J. Appleby
264 #0 - PRODUCCIÓN, PUBLICACIÓN, DISTRIBUCIÓN, MANUFACTURA, Y COPYRIGHT
Lugar de producción, publicación, distribución, manufactura Inglaterra :
Nombre del productor, publicador, distribuidor Abingdon Press,
Fecha de producción, publicación, distribución, manufactura, o copyright [1990]
300 ## - DESCRIPCIÓN FÍSICA
Extensión 62 páginas
Dimensiones ; 21 cm
336 ## - TIPO DE CONTENIDO
Fuente rdacontent
Término de tipo de contenido texto
Código de tipo de contenido txt
337 ## - TIPO DE MEDIO
Fuente rdamedia
Nombre del tipo de medio sin mediación
Código del tipo de medio n
338 ## - TIPO DE SOPORTE
Fuente rdacarrier
Nombre del tipo de soporte volumen
Código Tipo de soporte nc
505 ## - NOTA DE CONTENIDO
Título Primera parte: La historia de la doctrina:
Nota de contenido con formato preestablecido La justificación según las Escrituras del Antiguo Testamento. --La justificación según las Escrituras del Nuevo Testamento. -- la justificación tal como se enseñó por los padres de la iglesia hasta el año 1.200 D. de C. -- La justificación tal como se enseñó duranta la Reforma Protestante.
505 ## - NOTA DE CONTENIDO
Título Segunda parte: Explicación de la Doctrina.
Nota de contenido con formato preestablecido El significado de la Doctrina. -- El significado de la palabra "Justificación" según la Biblia. -- ¿Qué cosa es la justificación? -- La justificación y la Ley de Dios. -- La justificación, la vida y la muerte de Cristo. -- Los méritos de Cristo son la única base de nuestra justificación. -- La justificación en relación con la gracia y el esfuerzo humano. -- la justificación en relación con la fe. -- La justificación y la Obra del Espíritu Santo.
563 ## - NOTA DE ENCUADERNACIÓN
Nota de encuadernación Rústico
650 #7 - ASIENTO SECUNDARIO DE MATERIA - TERMINO TEMÁTICO
9 (RLIN) 179
Término temático o nombre geográfico como elemento de entrada Teología doctrinal
650 #7 - ASIENTO SECUNDARIO DE MATERIA - TERMINO TEMÁTICO
9 (RLIN) 415
Término temático o nombre geográfico como elemento de entrada Justificación
942 ## - TIPO DE MATERIAL (KOHA)
Tipo de Item KOHA Libros General
945 ## - INFORMACIÓN LOCAL DEL REGISTRO
Catalogador JTF-925
Existencias
Estado de Material Estado de Perdido Forma de Clasificación Estado de Dañado No para Préstamo Colección Biblioteca de Origen Biblioteca Permanente Fecha de Adquisición Área Total de Préstamos Signatura Topográfica Código de Barras Última vez visto Ejemplar/Existencia Fecha de Remplazo Tipo de Material
    Dewey Decimal Classification     Colección General Biblioteca FUSBC Biblioteca FUSBC 14/02/2022 TEOLOGÍA CRISTIANA   G 234 AP648a 6897 14/02/2022 Ej.1 14/02/2022 Libros General

Biblioteca FUSBC | Teléfono: (57+4) 349 88 10 Ext. 141| WhatsApp (+57) 3005338115 
E-mail: biblioteca@unisbc.edu.co | Calle 76 87-14 Robledo Palenque, Medellín, Colombia

Con tecnología Koha